000 00571nam a2200157 4500
999 _c16973
_d16973
008 220525b ||||| |||| 00| 0 eng d
022 _a0117-3308
082 _aDPer 004.1105 C73 Sept 2010 - April 2011 v. 20 n. 3-9
100 _aHutchinson, James.
_945222
245 _aMisconceptions plague the green machine/
_cJames Hutchinson.
260 _aPhilippines:
_bSchneider Electric,
_c©2010-2011.
300 _av20 n7, page 46:
_bcolor illustrations;
_c27 cm.
500 _aComputer world.
650 _aInformation technology
_xGreen technology.
_945223
942 _2ddc
_cPER